| 000 | 00435nam a2200157 4500 | ||
|---|---|---|---|
| 001 | 117391 | ||
| 003 | ES-MaACL | ||
| 005 | 20230906190908.0 | ||
| 007 | t| | ||
| 008 | 070302s1928 fr r ||||1| fre d | ||
| 100 | 1 |
_aPani, Alberto J. _988773 |
|
| 245 | 1 | 4 |
_aLos edificios del Gobierno mexicano en Paris / _cAlberto J. Pani. |
| 260 |
_aParis : _bAulard, _c1928. |
||
| 300 |
_a38 p. : _bil. ; _c24 cm. |
||
| 852 |
_aES-MaACL _j1734-F-19 |
||
| 999 |
_c117391 _d117391 |
||